| 000 | 00835nam a22002417a 4500 | ||
|---|---|---|---|
| 999 |
_c3872 _d3872 |
||
| 003 | AR-CdUCM | ||
| 008 | 190307b ||||| |||| 00| 0 spa d | ||
| 040 |
_aMUNICIPALIDAD PROVINCIAL DEL CUSCO _cBIBLIOTECA MUNICIPAL DEL CUSCO |
||
| 082 |
_a330.974 / _bOR74 |
||
| 100 |
_aOrtiz Mena, Raúl _912439 |
||
| 245 | _aEl Desarrollo Económico de Mexico y su Capacidad para Absorber Capital del Exterior / | ||
| 260 |
_aMexico : _bNacional Financiera, _c1953. |
||
| 300 |
_aXXVII, 505 paginas ; _bIlustraciones, diagramas, mapas, tablas, _c23cm. |
||
| 500 | _aPrimera edicion 1953 | ||
| 650 |
_aFinanzas _94496 |
||
| 650 |
_aMexico _918 |
||
| 650 |
_aPolitica economica _91407 |
||
| 700 |
_aUrquidio, Víctor L _912440 |
||
| 700 |
_aWaterston, Albert _912441 |
||
| 700 |
_aHaralz, Jonas H _912442 |
||
| 942 |
_2ddc _cLIBROS |
||
| 945 | _apjha | ||